Statistics for Top 20 Biggest Countries by land area

Click here to take the quiz!

General Stats

  • This quiz has been taken 22 times
  • The average score is 18 of 20

Answer Stats

HintAnswer% Correct
8Argentina
100%
6Australia
100%
5Brazil
100%
2Canada
100%
The biggest country 1Russia
100%
4United States
100%
3China
95%
11Democratic Republic of the Congo
95%
7India
95%
14Mexico
95%
10Algeria
90%
15Indonesia
90%
19Mongolia
90%
13Saudi Arabia
90%
16Sudan
90%
18Iran
85%
20Peru
80%
17Libya
70%
9Kazakstan
55%
12Denmark
35%

Score Distribution

Percentile by Number Answered

Percent of People with Each Score

Your Score History

You have not taken this quiz